000 00365cam a22001097a 4500
008 180718b1961 xxu||||| |||| 00| 0 eng d
082 _aB6x5433r
100 _aWest Bengal. Darjeeling Enquiry Committee
245 _aRecommendations of the Darjeeling Enquiry Committee, action taken and other comments thereon
260 _aCalcutta
_bThe author
_c1961
300 _a23p.
999 _c488740
_d488740